| 000 | 00735cam a22002175a 4500 | ||
|---|---|---|---|
| 001 | L143527 | ||
| 008 | 080515s2002 xxk f 000 0 eng d | ||
| 020 | _a1857883217 | ||
| 035 | _a(Sirsi) u143527 | ||
| 041 | 0 | _aeng | |
| 100 | 1 | _aBlanchard, Ken | |
| 245 | 0 | 0 |
_aWhale done! _bthe power of positive relationships |
| 260 |
_aLondon _bNicholas Brealey publishing _c2002 |
||
| 300 |
_a127p. _c22cm. |
||
| 520 | _aParable-style book provides management strategies for motivating staff by accentuating the positive and redirecting the negative. Applies techniques to both work and family relationships. | ||
| 651 | 4 | _aInternational | |
| 700 | 1 | _aLacinak, Thad | |
| 700 | 1 | _aTompkins, Chuck | |
| 700 | 1 | _aBallard, Jim | |
| 942 | _n0 | ||
| 999 |
_c108201 _d108201 |
||